Sprachmittlerausbildung für ein vereintes Europa - Anforderungen und Perspektiven im 21. Jahrhundert
Vybrané otázky vzdelávania tlmočníkov a prekladateľov s odborným profilom sprostredkovateľa v 21. storočí. Analýza danej problematiky s prihliadnutím na aktuálne politické, hospodárske a socio-kultúrne podmienky v národnom a medzinárodnom kontexte.
Salvato in:
| Autore principale: | |
|---|---|
| Altri autori: | |
| Natura: | Capitolo di libro |
| Lingua: | tedesco |
| Soggetti: | |
| Tags: |
Nessun Tag, puoi essere il primo ad aggiungerne!!
|
MARC
| LEADER | 00000naa$a2200000$$$4500 | ||
|---|---|---|---|
| 001 | 0242968 | ||
| 005 | 20240502083652.2 | ||
| 041 | 0 | |a ger | |
| 044 | |a DE | ||
| 245 | 1 | 0 | |a Sprachmittlerausbildung für ein vereintes Europa - Anforderungen und Perspektiven im 21. Jahrhundert |c Oľga Wrede, Jozef Štefčík |
| 520 | |a Vybrané otázky vzdelávania tlmočníkov a prekladateľov s odborným profilom sprostredkovateľa v 21. storočí. Analýza danej problematiky s prihliadnutím na aktuálne politické, hospodárske a socio-kultúrne podmienky v národnom a medzinárodnom kontexte. | ||
| 610 | 2 | 0 | |a jazyky cudzie |
| 610 | 2 | 0 | |a vzdelávanie |
| 610 | 2 | 0 | |a prekladatelia |
| 610 | 2 | 0 | |a prekladateľstvo |
| 610 | 2 | 0 | |a tlmočníci |
| 610 | 2 | 0 | |a tlmočníctvo |
| 610 | 2 | 0 | |a terminológia |
| 610 | 2 | 0 | |a metodika |
| 610 | 2 | 0 | |a didaktika |
| 100 | 1 | |a Wrede, Oľga | |
| 700 | 1 | |a Štefčík, Jozef, 1976- | |